Word Ladder: A Pair of P-fruits Quiz Stats

 Plays Quiz Updated Nov 28, 2017

Challenge
Share
Tweet
Embed
Score 0/24 Timer 03:00
3 Plays Today
Hint 4-Letter Word % Correct
• Fruit with wider bottom than top ••PEAR•
98.4%
Satan's domainHELL
96.1%
Water surrounding a castleMOAT
94%
Pork or veal, e.g.MEAT
93.7%
Burn or torch the surfaceSEAR
91.9%
A movement of a wingFLAP
89.9%
A fortune teller SEER
89.5%
Turn overFLIP
89.5%
Title of The Beatles' fifth album and second movieHELP!
88.4%
Leak slowlySEEP
88.2%
Canadian sketch-comedy troupe: The Kids in the ___HALL
88.1%
Slide unintentionallySLIP
88.1%
Hint 4-Letter Word % Correct
SlenderSLIM
87.9%
AchievementFEAT
87.7%
Rundown urban areaSLUM
86.7%
Not unevenFLAT
86.3%
Shed old hair or skinMOLT
85.7%
Large seaweed conglomerations KELP
85.4%
Large commercial buildingMALL
84.1%
Where a king might store valuablesKEEP
83.2%
A gangster's girlfriend, informallyMOLL
80.5%
• Oval fleshy fruit ••PLUM•
77.2%
A mollusk that lacks a shell SLUG
74.4%
Block or fill inPLUG
69.4%

Today's Daily Dose

Word Ladder
Homophones Ate

Quick Pick
RGB Colors

On This Day
August 18th II

You're not logged in!

Compare scores with friends on all Sporcle quizzes.
Join for Free
OR
Log In

You Might Also Like...

Show Comments

Extras

Top Quizzes Today


Score Distribution

Your Account Isn't Verified!

In order to create a playlist on Sporcle, you need to verify the email address you used during registration. Go to your Sporcle Settings to finish the process.

Report this User

Report this user for behavior that violates our Community Guidelines.

Details: